Textbook on international human rights / (Record no. 22042)
[ view plain ]
| 000 -LEADER | |
|---|---|
| fixed length control field | 01616cam a22002775a 4500 |
| 001 - CONTROL NUMBER | |
| control field | 18697505 |
| 005 - DATE AND TIME OF LATEST TRANSACTION | |
| control field | 20160727134339.0 |
| 008 - FIXED-LENGTH DATA ELEMENTS--GENERAL INFORMATION | |
| fixed length control field | 150713t2016 enka frb f001 0 eng d |
| 020 ## - INTERNATIONAL STANDARD BOOK NUMBER | |
| International Standard Book Number | 9780198746218 |
| 020 ## - INTERNATIONAL STANDARD BOOK NUMBER | |
| International Standard Book Number | 0198746210 |
| 040 ## - CATALOGING SOURCE | |
| Original cataloging agency | DLC |
| Language of cataloging | eng |
| Transcribing agency | DLC |
| Modifying agency | DLC |
| -- | EG-ScBUE |
| 082 04 - DEWEY DECIMAL CLASSIFICATION NUMBER | |
| Edition number | 22 |
| Classification number | 341.48 |
| Item number | SMI |
| 100 1# - MAIN ENTRY--PERSONAL NAME | |
| Personal name | Smith, Rhona K. M. |
| 9 (RLIN) | 40470 |
| 245 10 - TITLE STATEMENT | |
| Title | Textbook on international human rights / |
| Statement of responsibility, etc | Rhona K. M. Smith. |
| 246 30 - VARYING FORM OF TITLE | |
| Title proper/short title | International human rights |
| 250 ## - EDITION STATEMENT | |
| Edition statement | 7th ed. |
| 260 ## - PUBLICATION, DISTRIBUTION, ETC. (IMPRINT) | |
| Place of publication, distribution, etc | Oxford : |
| Name of publisher, distributor, etc | Oxford University Press, |
| Date of publication, distribution, etc | c.2016. |
| 300 ## - PHYSICAL DESCRIPTION | |
| Extent | xxix, 416 p. : |
| Other physical details | ill. ; |
| Dimensions | 25 cm. |
| 500 ## - GENERAL NOTE | |
| General note | Index : p. 400-416. |
| 504 ## - BIBLIOGRAPHY, ETC. NOTE | |
| Bibliography, etc | Includes bibliographical references. |
| 505 0# - FORMATTED CONTENTS NOTE | |
| Formatted contents note | Introduction -- Historical background -- The United Nations -- The International Bill of Human Rights -- The United Nations : organizational structure -- Regional protection of human rights -- Europe -- The Organization of American States -- The African Union -- Monitoring, implementing, and enforcing human rights -- Substantive rights : general comments -- Equality and non-discrimination -- The right to life -- Freedom from torture : cruel, inhuman, and degrading treatment or punishment -- The rights to liberty of person -- Equality before the law : the right to a fair trial -- The right to self-determination -- Freedom of expression -- The right to work -- The right to education and human rights education -- Minority rights -- Rights for specific categories of persons -- Looking to the future. |
| 650 #7 - SUBJECT ADDED ENTRY--TOPICAL TERM | |
| Topical term or geographic name as entry element | Human rights. |
| Source of heading or term | BUEsh |
| 9 (RLIN) | 11033 |
| 651 ## - SUBJECT ADDED ENTRY--GEOGRAPHIC NAME | |
| Source of heading or term | BUEsh |
| 653 ## - INDEX TERM--UNCONTROLLED | |
| Resource For college | Law |
| Arrived date list | July2016 |
| 942 ## - ADDED ENTRY ELEMENTS (KOHA) | |
| Source of classification or shelving scheme | Dewey Decimal Classification |
| Withdrawn status | Item status | Source of classification or shelving scheme | Damaged status | Not for loan | Vendor | Home library | Current library | Shelving location | Date acquired | Source of acquisition | Cost, normal purchase price | Serial Enumeration / chronology | Total Checkouts | Total Renewals | Full call number | Barcode | Date last seen | Date last borrowed | Cost, replacement price | Koha item type |
|---|---|---|---|---|---|---|---|---|---|---|---|---|---|---|---|---|---|---|---|---|
| Dewey Decimal Classification | Baccah | Central Library | Central Library | First floor | 27/07/2016 | Purchase | 480.00 | 26080 | 7 | 24 | 341.48 SMI | 000032998 | 25/10/2025 | 12/03/2025 | 600.00 | Book - Borrowing |